Hmotná zainteresovanosť, stimulácia a motivácia vo VaZN Zborník prednášok

Saved in:
Bibliographic Details
Format: Book
Language:Slovak
Published: Žilina Dom techn. ČSTVS 1989
Edition:1. vyd.
Tags: Add Tag
No Tags, Be the first to tag this record!

MARC

LEADER 00000nam a2200000 4500
001 c027472
005 20221215070629.3
041 0 |a slo 
044 |a SK 
245 1 0 |a Hmotná zainteresovanosť, stimulácia a motivácia vo VaZN  |b Zborník prednášok 
250 |a 1. vyd. 
264 1 |a Žilina  |b Dom techn. ČSTVS  |c 1989 
300 |a 112 s.